Commonhold law : problems and potential solutions (Record no. 100689)

MARC details
000 -LEADER
fixed length control field 00925cam a2200241 4500
008 - FIXED-LENGTH DATA ELEMENTS--GENERAL INFORMATION
fixed length control field 000000n2000 000 0 eng u
020 ## - INTERNATIONAL STANDARD BOOK NUMBER
International Standard Book Number 1902633962
035 ## - SYSTEM CONTROL NUMBER
System control number (Sirsi) u107384
050 ## - LIBRARY OF CONGRESS CALL NUMBER
Classification number 346.41042
-- 21
100 ## - MAIN ENTRY--PERSONAL NAME
Personal name Rosenberry, K.
245 ## - TITLE STATEMENT
Title Commonhold law : problems and potential solutions
260 ## - PUBLICATION, DISTRIBUTION, ETC.
Place of publication, distribution, etc. York
-- Joseph Rowntree Foundation
Date of publication, distribution, etc. 2000
300 ## - PHYSICAL DESCRIPTION
Extent 52p. ; 28cm.
350 ## - PRICE (NR) (BK AM CF MU VM SE) [OBSOLETE]
Price 12.95
520 ## - SUMMARY, ETC.
Summary, etc. Aimed at developers, lenders, managing agents, lawyers, surveyors and estate agents, this study explains what commonhold is and identifies problems that arise in the creation and operation of commonhold communities. It also discusses potential solutions based on experiences in Australia and California.
650 ## - SUBJECT ADDED ENTRY--TOPICAL TERM
Topical term or geographic name entry element FLATS
650 ## - SUBJECT ADDED ENTRY--TOPICAL TERM
Topical term or geographic name entry element COMMONHOLD
650 ## - SUBJECT ADDED ENTRY--TOPICAL TERM
Topical term or geographic name entry element COMMONHOLD ASSOCIATIONS
650 ## - SUBJECT ADDED ENTRY--TOPICAL TERM
Topical term or geographic name entry element LEASEHOLD
650 ## - SUBJECT ADDED ENTRY--TOPICAL TERM
Topical term or geographic name entry element FREEHOLD
690 ## - LOCAL SUBJECT ADDED ENTRY--TOPICAL TERM (OCLC, RLIN)
Topical term or geographic name as entry element PROPERTY-LANDLORD AND TENANT
942 ## - ADDED ENTRY ELEMENTS (KOHA)
Suppress in OPAC 0
Holdings
Withdrawn status Lost status Source of classification or shelving scheme Damaged status Not for loan Home library Current library Shelving location Date acquired Total Checkouts Full call number Barcode Date last seen Date last checked out Copy number Price effective from Koha item type
    Dewey Decimal Classification     London London Basement 28/07/2000 5 Archive F346.41042 ROS 30061998 11/06/2024 11/02/2003 1 06/08/2019 Archive